The Johns Hopkin complete guide for preventing and reversing heart disease

Bibliographic Details
Main Author: Kwiterovich, Peter O
Format: Book
Published: Rocklin, Ca : Prima Publishing , 1993
Subjects:

MARC

LEADER 00000cam a2200000 7i4500
001 0000001533
002 000001679
005 20000330.0
020 |a 1559581476 
090 0 0 |a 616.123   |b KWI 
100 1 |a Kwiterovich, Peter O 
245 1 4 |a The Johns Hopkin complete guide for preventing and reversing heart disease   |c Peter O. Kwiterovich 
260 |a Rocklin, Ca :   |b Prima Publishing ,   |c 1993 
300 |a 395p. ;   |c 21cm. 
650 0 0 |a Coronary heart disease   |x Popular works 
650 0 0 |a Coronary heart disease   |x Prevention 
999 |a 034479   |b BUKU   |c PINJAMAN   |e PERPUSTAKAAN KOMUNITI PETALING JAYA 
999 |a 036767   |b BUKU   |c PINJAMAN   |e PERPUSTAKAAN KOMUNITI PETALING JAYA